| 000 | 01133nam a2200241Ia 4500 | ||
|---|---|---|---|
| 999 |
_c36808 _d36808 |
||
| 001 | 2750 | ||
| 003 | GE_BSU | ||
| 005 | 20190607161811.0 | ||
| 008 | 181216s2012||||ge |||||||||||||| ||geo|| | ||
| 020 | _a9789941412837 | ||
| 040 | _cGE_BSU | ||
| 041 | _ageo | ||
| 080 | _a681.5+681.5.043(075.8) მ–54 | ||
| 100 |
_aმელქაძე, თამაზ _92276 |
||
| 245 |
_aავტომატიკის ელემენტები და ფუნქციური მოწყოლილობები : _bმეთოდური მითიებები საკურსო სამუშაოს შესრულებისასთვის / _cთამაზ მელქაძე; რედ. მაია ტუღუში |
||
| 264 |
_aბათუმი : _bშოთა რუსთაველის სახ. უნ–ტი, _c2012. |
||
| 300 |
_a23 გვ.; _b21 სმ. |
||
| 541 | _h1 ლ. 60 თ. | ||
| 653 | _aმექანიკა | ||
| 653 | _aავტომატიკა | ||
| 700 |
_aტუღუში, მაია _eრედაქტორი _92277 |
||
| 942 |
_cBK _2udc |
||